| 000 | 00449nam a2200133Ia 4500 | ||
|---|---|---|---|
| 008 | 170221s9999 xx 000 0 und d | ||
| 100 | _aLindawati, A.S.L. | ||
| 245 | _aBarriers to Women’s Participation in the Accounting Profession in Java, Indonesia | ||
| 245 | _cA.S.L. Lindawati and Ciorstan Smark | ||
| 260 | _c2012 | ||
| 300 | _a32 : 6 | ||
| 650 | _xBusiness | ||
| 856 | _uhttp://ro.uow.edu.au/cgi/viewcontent.cgi?article=1548&context=aabfj | ||
| 999 |
_c311257 _d311257 |
||